Developments in electronics for offshore fields /

Bibliographic Details
Other Authors: Bedwell, C.
Format: Book
Language:English
Published: London : Applied Science Publishers, [1978-]
Series:Developments series.
Subjects:

MARC

Tag First Indicator Second Indicator Subfields
LEADER 00000cam a2200000 i 4500
001 in00000042878
005 20151007064915.0
008 790912m19789999enka b 00100 eng
010 |a  79313523  
015 |a GB*** 
020 |a 0853347530 (v. 1) :  |c 14.00 (v. 1) 
035 |a (OCoLC)05567161 
035 |9 AAE0869AM 
040 |a DLC  |c DLC  |d TXA  |d UtOrBLW 
049 |a TXAM  |v 1 [981126] 
050 0 0 |a TN871.3  |b .D48 
082 0 |a 622/.33/8028 
245 0 0 |a Developments in electronics for offshore fields /  |c edited by C. Bedwell. 
264 1 |a London :  |b Applied Science Publishers,  |c [1978-] 
264 4 |c ©1978- 
300 |a volumes :  |b illustrations ;  |c 23 cm. 
336 |a text  |b txt  |2 rdacontent 
337 |a unmediated  |b n  |2 rdamedia 
338 |a volume  |b nc  |2 rdacarrier 
490 1 |a Developments series 
504 |a Includes bibliographical references and index. 
650 0 |a Drilling platforms  |x Communication systems. 
650 0 |a Drilling platforms  |x Electronic equipment. 
700 1 |a Bedwell, C. 
830 0 |a Developments series. 
999 |a MARS 
999 f f |s 6ba8d00b-a721-30bf-b9e3-4d753a242f5e  |i 785b757d-e655-3ad6-99ee-6083b8a2813d  |t 0 
952 f f |p ric  |a Texas A&M University  |b Rellis Campus  |c Joint Library Facility  |d Remote Storage  |t 0  |e TN871.3 .D48  |h Library of Congress classification  |i unmediated -- volume  |k v.1  |m A14805589022 
998 f f |a TN871.3 .D48  |s v.1  |t 0  |l Remote Storage